The balanced scorecard for the Public Service Organisations : a review of its applications /
Saved in:
| Main Author: | |
|---|---|
| Format: | Thesis |
| Language: | English |
| Published: |
Glasgow :
Department of Management Science, University of Strathclyde,
2004
|
| Subjects: | |
| Tags: |
Add Tag
No Tags, Be the first to tag this record!
|
| LEADER | 016080000a22003730004500 | ||
|---|---|---|---|
| 001 | 344018 | ||
| 005 | 20230420132702.0 | ||
| 008 | 060427t2004 xxka g 000 0 eng d | ||
| 035 | |a (Sirsi) 344018 | ||
| 040 | |a UIAM |b eng | ||
| 041 | 0 | |a eng | |
| 043 | |a e-uk-- | ||
| 050 | 0 | 0 | |a HD58.9 |
| 100 | 1 | |a Nur Anisah Abdullah, |e author |9 116464 | |
| 245 | 1 | 4 | |a The balanced scorecard for the Public Service Organisations : |b a review of its applications / |c by Nur Anisah Abdullah |
| 260 | |a Glasgow : |b Department of Management Science, University of Strathclyde, |c 2004 | ||
| 300 | |a xvii, 186 leaves : |b ill. ; |c 30 cm. | ||
| 336 | |2 rdacontent | ||
| 337 | |2 rdamedia | ||
| 338 | |2 rdacarrier | ||
| 500 | |a 'A thesis presented in fulfilment of the requirements for the Degree of Master of Research'--On t.p. | ||
| 502 | |a Thesis (M.Res.) -- University of Strathclyde, 2004 | ||
| 504 | |a Includes bibliographical references (leaves 178-186). | ||
| 650 | 0 | |a Organizational effectiveness |x Management |9 122025 | |
| 650 | 0 | |a Organizational effectiveness |x Measurement |9 12727 | |
| 650 | 0 | |a Performance |x Measurement |9 12728 | |
| 650 | 0 | |a Performance |x Measurement |9 12728 | |
| 655 | 0 | 7 | |a Theses, IIUM foreign |
| 690 | 0 | |a Dissertations, Academic |x Department of Management Science |z University of Strathclyde |9 122026 | |
| 710 | 2 | |a University of Strathclyde |b Department of Management Science |9 122027 | |
| 900 | |a hj-fs-ajt | ||
| 942 | |2 lcc |n 0 | ||
| 999 | |c 432085 |d 464803 | ||
| 952 | |0 0 |6 T HD 000058.9 N974B 2004 |7 0 |8 THESES |9 755133 |a IIUM |b IIUM |c MULTIMEDIA |g 0.00 |o t HD58.9N974B 2004 |p 00001030261 |r 2017-10-19 |t 1 |v 0.00 |y THESIS | ||
